Tilastot visalle Saksan suurimmat kaupungit

Klikkaa tästä pelataksesi tätä visaa!

Yleistilastot

  • Tätä visaa on pelattu 1 352 kertaa
  • Keskiarvotulos 10 / 20

Vastaustilastot

VäkilukuKaupunki% Oikein
3 677 472Berliini
99%
1 487 708München
92%
1 853 935Hampuri
85%
759 224Frankfurt
80%
1 073 096Köln
72%
619 477Düsseldorf
55%
626 275Stuttgart
53%
601 866Leipzig
52%
563 290Bremen
50%
586 852Dortmund
49%
555 351Dresden
49%
535 932Hannover
48%
331 885Bonn
42%
510 632Nürnberg
40%
579 432Essen
35%
334 002Bielefeld
18%
495 152Duisburg
17%
317 713Münster
14%
363 441Bochum
11%
354 572Wuppertal
11%

Tulosjakauma

Persentiili vastausten määrän mukaan

Jokaisen tuloksen saaneiden osuus

Tuloshistoriasi

Et ole pelannut tätä visaa